Bloques regionales globales y polt̕ica exterior de Colombia

Detalles Bibliográficos
Autor principal: Beltrǹ Mora, Luis Nelson
Formato: Libro
Lenguaje:español
Publicado: Colombia Universidad Sergio Arboleda 2014
Materias:
Acceso en línea:Acceso restringido

MARC

LEADER 00000nam a22000007a 4500
005 20160419154848.0
007 cr|z|| ||
008 160419s2014 ck ||||| |||| 00||0 spa d
020 |a 978-958-8866-32-1 
035 |a 14147 
040 |a vLex 
090 |c 6022  |d 6022 
100 1 |a Beltrǹ Mora, Luis Nelson 
245 1 0 |a  Bloques regionales globales y polt̕ica exterior de Colombia  |h [Recurso electrn̤ico] /  |c Luis Nelson Beltrǹ Mora  
256 |a Servicio en ln̕ea  
260 |a Colombia   |b Universidad Sergio Arboleda  |c 2014 
300 |a 1 recurso electrn̤ico (202 Pg̀inas)  
506 1 |a Contenido solo disponible en los productos indicados   |d vLex Global  |d vLex Global (Academic Edition, excluding Law Schools)  |d vLex Global (U.S. Academic Edition, Law Schools)  |d vLex Global (U.S. Academic Edition, excluding Law Schools)  |d vLex Global (Academic Edition, Law Schools) 
650 0 4 |a Polt̕ica  |z Colombia 
740 0 |a vLex libros (servicio en ln̕ea)  
856 4 0 |u http://vlex.com/source/bloques-regionales-globales-politica-exterior-colombia-14147  |z Acceso restringido  
942 |c BOOK 
999 0 |a Politicians  |b Colombia